000 00557nam a22001697a 4500
005 20251108172222.0
008 250721s1987 xx 000 0 ara d
082 1 4 _aط/ق/إبر
100 1 _aالمسلم، إبراهيم
245 1 0 _aمنقذ الحكم العربي :
_bعدي بن زياد /
264 1 _aالرياض :
_bدار الأصالة للثقافة و النشر،
_c1987.
300 _a47ص
490 0 _aقصص أدبية من تراثنا العربي ؛ 1
650 1 7 _aأدب الأطفال
942 _2ddc
_cBK
999 _c73432
_d73432